Top 30 Countries with the Most Roblox Players - Statistics

General Stats
  • This quiz has been taken 50 times
  • The average score is 17 of 30
Answer Stats
Percent Answer % Correct
20.2 United States
100%
2 India
87%
6.0 Brazil
85%
2 France
85%
1.8 Russia
85%
1.5 Japan
79%
2.5 Canada
74%
2.5 Germany
74%
2.5 Mexico
74%
2.5 United Kingdom
74%
1.8 Spain
72%
2 Indonesia
69%
1.5 South Korea
69%
1.5 Argentina
67%
11.9 Philippines
67%
4.5 Vietnam
67%
1.8 Italy
64%
1.5 Turkey
64%
1.8 Poland
56%
1.5 Malaysia
54%
1.5 Netherlands
54%
4.5 Thailand
54%
3 Ukraine
54%
2 Peru
38%
4.5 Ecuador
18%
3 Estonia
15%
3 Lithuania
15%
6.0 Georgia
13%
3 Latvia
13%
2.5 El Salvador
5%
No matching quizzes found
Score Distribution
Percent of People with Each Score
Percentile by Number Answered
Your Score History
You have not taken this quiz